000 00885nam a22002417a 4500
008 081119t xxu||||| |||| 00| 0 eng d
010 _aENG-91655
020 _a9788190738507
_c650.00
035 _aEN-75188
037 _bDBAD / PUB
040 _adpl
_bEnglish
082 _a920.054
245 _aBharat Ratna:
_cedited by Shailesh Chandra
_bthe jewel of India /
260 _aNew Delhi
_bAlfa Publications
_c2009
270 _a4398/5, Ansari Road, Daryaganj,
_bNew Delhi
_e110002
300 _avi, 320p.
_c22cm (Hb)
500 _aIncludes index
650 _aBhārat ratna.
651 _aIndia
_vBiography.
700 _aChandra, Shailesh
942 _2ddc
_cEN
_mBHA
_h920.054
999 _c18670
_d18670